000 00561nam a2200205 a 4500
001 1267
005 20140414131922.0
008 041206s19uu xx 00 eng d
020 _a1-56144-740-4
050 _aER
_bW37 1995
100 _aAstrop, Caroline
245 _aWeather /
_cwritten and illustrated by Caroline and John Astrop.
260 _aNew York :
_bModern,
_c1995.
300 _a1 v. p. : ill. ; cm.
440 _aMy first learning series
650 _aWeather
_xFiction.
650 _aChildren stories.
999 _c111824
_d111824